000
00340nam a2200157Ia 4500
100
_a
Spong/Mark W/ Vidyasagar/M
650
_a
Robot
942
_c
BK
366
_f
27
245
_a
Robot dynamics and control
260
_b
Wiley India
_c
2004
082
_a
629.892
_b
SPO
300
_a
336
546
_a
ENGLISH
_c
electronics
999
_c
32304
_d
32304